All 2025 Chicago Cubs Players - Statistics

General Stats
  • This quiz has been taken 216 times
    96 since last reset
  • The average score is 22 of 52
Answer Stats
Hint Answer % Correct
4 Pete Crow-Armstrong
93%
7 Dansby Swanson
87%
29 Michael Busch
87%
8 Ian Happ
84%
30 Kyle Tucker
83%
2 Nico Hoerner
83%
27 Seiya Suzuki
83%
6 Matt Shaw
75%
18 Shota Imanaga
75%
15 Carson Kelly
67%
3 Justin Turner
64%
35 Justin Steele
62%
9 Miguel Amaya
62%
16 Matthew Boyd
58%
48 Daniel Palencia
57%
22 Cade Horton
54%
50 Jameson Taillon
51%
25 Moises Ballesteros
49%
1 Willi Castro
49%
5 Jon Berti
45%
53 Colin Rea
43%
32 Ben Brown
42%
40 Brad Keller
42%
13 Kevin Alcantara
42%
59 Andrew Kittredge
41%
24 Caleb Thielbar
41%
20 Reese McGuire
41%
45 Drew Pomeranz
39%
19 Owen Caissie
36%
17 Taylor Rogers
36%
17 Vidal Brujan
36%
37 Porter Hodge
35%
41 Carlos Santana
33%
41/99 Mike Soroka
33%
72 Javier Assad
32%
25 Gage Workman
28%
12 Nicky Lopez
25%
55 Ryan Pressly
25%
43 Luke Little
20%
36 Jordan Wicks
19%
58/77 Chris Flexen
17%
39 Ethan Roberts
14%
54 Ryan Brasier
14%
33 Eli Morgan
13%
46 Gavin Hollowell
13%
92 Genesis Cabrera
13%
38 Aaron Civale
12%
56 Nate Pearson
12%
66 Julian Merryweather
7%
57 Brooks Kriske
6%
49 Michael Fulmer
4%
38 Tom Cosgrove
3%
No matching quizzes found
Score Distribution
Percent of People with Each Score
Percentile by Number Answered
Your Score History
You have not taken this quiz since the last reset